1142 1919 1944 1185 1458 1455 1215 1500 1579 1419 1042 1480 1868 1315 1281 1632 1464 1595 1483 1677 1604 1846 1614 1464 1099 1929 1026 1156 1237 1773 1252 1942 1956 1122 1317 1380 1932 1740 1571 1739 1087 1812 1075 1008 1440 1831 1187 1407 1309 1582 1330 1547 1187 1808 1490 1429 1214 1691 1209 1602 1482 1341 1205 1813 1279 1141 1356 1871 1974 1302 1224 1041 1972 1728 1432 1831 1763 1583 1921 1483 1790 1809 1312 1690 1358 1750 1723 1020 1523 1876 1078 1869 1878 1810 1846 1999 1917 1781 1488 BCNSPRNW ULIB Ver.6.0+V

เปลี่ยนเป็นภาษาไทย

Change to English
 แสดงรายละเอียดบรรณานุกรม
  กลับหน้าหลัก

Brief Record : Get Marc (ISO 2709) : E-mail record : QR code < ปิดหน้าต่าง
LEADER : 00000nam 2200000uu 4500
001    13399119982
003     ULIB
008    120819s2551||||th 000 0 tha d
020    ^a9789743483479
060  4 ^aWY18.2^bพ953ท
110 1  ^aเพื่อนช่วยจำ
245 00 ^aทบทวนการพยาบาลผู้ใหญ่ ANR=^bAdult nursing review,^cเพื่อนช่วยจำ
246 0  ^aAdult nursing review
260    ^aกรุงเทพฯ:^bเพื่อนช่วยจำ,^c2551
300    ^a202 หน้า
650  7 ^aการพยาบาลผู้ใหญ่^xข้อสอบ
710 1  ^aเพื่อนช่วยจำ
945    ^p199^l0^i19266
945    ^p199^l0^i19267
995    ^aเกษร
999    ^aใช้งานได้ทุกระบบ
รายการนี้ยังไม่มีแท็ก
คุณยังไม่ได้ล็อกอิน คุณสามารถมีกิจกรรมร่วมกับเว็บไซต์ได้ แต่ต้องล็อกอินก่อน ::
  ล็อกอิน

รายการสื่อสารสนเทศ

ลำดับที่ ประเภท เลขเรียก/บาร์โค้ด สถานที่ สถานะ
1. วิทยาศาสตร์การแพทย์ และสุขภาพ
หนังสือสำรอง
สถานะ=หนังสือสำรอง
WY18.2 พ953ท ฉ.1 
  Barcode: 19266
ห้องสมุดวิทยาเขตนครสวรรค์
►ส่วนจัดเก็บหนังสือเก่า นว.
บนชั้น
  ขอยืม
2. วิทยาศาสตร์การแพทย์ และสุขภาพ
วิทยาศาสตร์การแพทย์ และสุขภาพ
WY18.2 พ953ท ฉ.2 
  Barcode: 19267
ห้องสมุดวิทยาเขตนครสวรรค์
►ส่วนจัดเก็บหนังสือเก่า นว.
บนชั้น
  ขอยืม

BibComment


ยังไม่เคยถูกคอมเมนท์

คอมเมนท์ทรัพยากรรายการนี้
  คอมเมนท์: ทบทวนการพยาบาลผู..


 Copyright 2026. Bcnsprnw @Library